[Event "ODJM A 2017"]
[Site "Willingen GER"]
[Date "2017.06.05"]
[Round "3"]
[White "Gutschenreiter, Donato"]
[Black "Bayer, Martin"]
[Result "1-0"]
[Termination "normal"]
[Board "53"]
[WhiteElo "1701"]
[BlackElo "1751"]
[PlyCount "93"]
[WhiteFideId "12975540"]
[BlackFideId "16206924"]
[EventCountry "GER"]
[EventRounds "9"]
[EventType "swiss"]
[EventDate "2017.06.03"]

1. e4 e5 2. Nf3 Nc6 3. Bc4 Nf6 4. d3 Bc5 5. c3 d6 6. a4 a5 7. Na3 Be6 8. Bxe6
fxe6 9. Nc2 O-O 10. Be3 Ba7 11. Bxa7 Rxa7 12. Ne3 Ra8 13. O-O d5 14. Qb3 Qd7
15. Rad1 b6 16. Rd2 Rad8 17. Rfd1 Qf7 18. Ng5 Qe7 19. exd5 exd5 20. Ne4 Qe6 21.
Ng5 Qd7 22. Nf3 Kh8 23. d4 e4 24. Ne5 Qe6 25. Nxc6 Qxc6 26. c4 h6 27. Qb5 Qxb5
28. cxb5 g6 29. Rc2 Rd7 30. Rdc1 Rff7 31. Rc6 Kg7 32. Re6 Nh5 33. g3 Rf6 34.
Re5 Rfd6 35. Rc6 Nf6 36. h4 Kf7 37. Rc2 Re6 38. Rxe6 Kxe6 39. Rc6+ Kf7 40. g4
h5 41. g5 Ng8 42. Ng2 Ne7 43. Rf6+ Kg7 44. Nf4 Kh7 45. Ne6 Kg8 46. Rf8+ Kh7 47.
Re8 1-0

[Event "ODJM A 2017"]
[Site "Willingen GER"]
[Date "2017.06.05"]
[Round "3"]
[White "Erezhep, Assylzhan"]
[Black "Teschler, Ansgar"]
[Result "0-1"]
[Termination "normal"]
[Board "54"]
[WhiteElo "1753"]
[BlackElo "1791"]
[PlyCount "64"]
[WhiteFideId "13712144"]
[BlackFideId "16231139"]
[EventCountry "GER"]
[EventRounds "9"]
[EventType "swiss"]
[EventDate "2017.06.03"]

1. e4 c5 2. Nc3 Nc6 3. g3 g6 4. Bg2 Bg7 5. d3 e6 6. Be3 d6 7. Qd2 h6 8. Nge2
Nge7 9. f4 f5 10. O-O-O O-O 11. e5 b6 12. exd6 Qxd6 13. h3 Bb7 14. g4 Rad8 15.
h4 Qc7 16. h5 Nd4 17. Bxb7 Qxb7 18. Qe1 fxg4 19. Qg1 Nef5 20. Bxd4 cxd4 21. Ne4
Qf7 22. N4g3 Nxg3 23. Qxg3 gxh5 24. Rh2 Rd5 25. Rdh1 Rc8 26. Kb1 Rdc5 27. Rc1
Qc7 28. Ng1 a5 29. Rd2 e5 30. f5 Bf6 31. Rh2 Bg5 32. Rd1 Bf4 0-1

[Event "ODJM A 2017"]
[Site "Willingen GER"]
[Date "2017.06.05"]
[Round "3"]
[White "Troyke, Jannis"]
[Black "Böhlemann, Christian"]
[Result "1/2-1/2"]
[Termination "normal"]
[Board "55"]
[WhiteElo "1896"]
[BlackElo "1565"]
[PlyCount "42"]
[WhiteFideId "12993115"]
[BlackFideId "16245326"]
[EventCountry "GER"]
[EventRounds "9"]
[EventType "swiss"]
[EventDate "2017.06.03"]

1. e4 d5 2. exd5 Qxd5 3. Nf3 Nf6 4. d4 c6 5. c4 Qa5+ 6. Bd2 Qc7 7. Nc3 Bf5 8.
Be2 e6 9. O-O Nbd7 10. a3 Bd6 11. Re1 h6 12. Nh4 Bxh2+ 13. Kh1 Bh7 14. Bf1 O-O
15. g3 Bxg3 16. fxg3 Qxg3 17. Nf3 Ng4 18. Be3 Ndf6 19. Bg1 Nf2+ 20. Bxf2 Qxf2
21. Qe2 Qxe2 1/2-1/2

[Event "ODJM A 2017"]
[Site "Willingen GER"]
[Date "2017.06.05"]
[Round "3"]
[White "Wissing, Philipp"]
[Black "Bilecen, Simon"]
[Result "1/2-1/2"]
[Termination "normal"]
[Board "56"]
[WhiteElo "1749"]
[BlackElo "1557"]
[PlyCount "49"]
[WhiteFideId "12993654"]
[BlackFideId "16225511"]
[EventCountry "GER"]
[EventRounds "9"]
[EventType "swiss"]
[EventDate "2017.06.03"]

1. b3 e5 2. Bb2 Nc6 3. e3 d5 4. Bb5 Bd6 5. Nc3 Nf6 6. Nf3 Bg4 7. Be2 a6 8. d4
exd4 9. Nxd4 Nxd4 10. Qxd4 c5 11. Qd1 Bxe2 12. Nxe2 O-O 13. O-O Bxh2+ 14. Kxh2
Ng4+ 15. Kg1 Qh4 16. Be5 Nxe5 17. Qxd5 Ng4 18. Qd6 Rad8 19. Qg3 Qxg3 20. Nxg3
Rd2 21. c4 Nf6 22. Rfd1 Rfd8 23. Rxd2 Rxd2 24. Nf1 Rd3 25. f3 1/2-1/2

[Event "ODJM A 2017"]
[Site "Willingen GER"]
[Date "2017.06.05"]
[Round "3"]
[White "Grund, Sebastian"]
[Black "Leimbach, Tim Vincent"]
[Result "1-0"]
[Termination "normal"]
[Board "57"]
[WhiteElo "1840"]
[BlackElo "1640"]
[PlyCount "89"]
[WhiteFideId "12988626"]
[BlackFideId "12988600"]
[EventCountry "GER"]
[EventRounds "9"]
[EventType "swiss"]
[EventDate "2017.06.03"]

1. d4 Nf6 2. Nf3 e6 3. c4 Be7 4. g3 O-O 5. Bg2 d5 6. O-O Nbd7 7. Nc3 Nb6 8.
cxd5 Nbxd5 9. Ne5 c6 10. Qb3 Qc7 11. Bg5 h6 12. Bd2 Rd8 13. Rac1 Nxc3 14. Bxc3
Nd5 15. Rfd1 Nxc3 16. Qxc3 Qb6 17. Nc4 Qc7 18. e4 Bf6 19. e5 Be7 20. Be4 Bd7
21. b4 Be8 22. f4 Qd7 23. Ne3 f5 24. Bc2 Rac8 25. Bb3 Bf7 26. Qc4 Bf8 27. Nxf5
b5 28. Qe2 Bxb4 29. Nh4 Ba5 30. f5 Bb6 31. Qg4 exf5 32. Bxf7+ Qxf7 33. Nxf5 Kh7
34. Nd6 Rxd6 35. exd6 Rd8 36. Rxc6 Qxa2 37. Rc7 Rg8 38. Re7 Qd5 39. Qe4+ Qxe4
40. Rxe4 Rd8 41. Re6 Kg8 42. Kg2 Kf7 43. Re7+ Kf8 44. Rf1+ Kg8 45. d7 1-0

[Event "ODJM A 2017"]
[Site "Willingen GER"]
[Date "2017.06.05"]
[Round "3"]
[White "Rupp, Andreas"]
[Black "Köllner, Felicitas Ophelia"]
[Result "1/2-1/2"]
[Termination "normal"]
[Board "58"]
[WhiteElo "1672"]
[BlackElo "1698"]
[PlyCount "73"]
[WhiteFideId "16225503"]
[BlackFideId "16207521"]
[EventCountry "GER"]
[EventRounds "9"]
[EventType "swiss"]
[EventDate "2017.06.03"]

1. e4 d6 2. d4 Nf6 3. Nc3 e5 4. Nf3 Nbd7 5. g4 Nxg4 6. Bc4 exd4 7. Nxd4 Nge5 8.
Bb3 Nc5 9. Be3 Bg4 10. f3 Bh5 11. O-O c6 12. Nf5 Bg6 13. Ng3 h5 14. f4 Ng4 15.
Bxc5 dxc5 16. Qe2 Qd4+ 17. Kh1 Ne3 18. Rf3 c4 19. Rxe3 cxb3 20. axb3 Bc5 21.
Rd3 Qf2 22. f5 Qxe2 23. Ncxe2 h4 24. fxg6 hxg3 25. gxf7+ Kxf7 26. Nxg3 Rad8 27.
Rad1 Bb6 28. Rd7+ Ke8 29. Rxd8+ Bxd8 30. Kg2 Bc7 31. h3 g6 32. Nh1 Ke7 33. Nf2
Be5 34. c3 Rf8 35. Rd3 Bc7 36. Rd1 Bb6 37. Rd2 1/2-1/2

[Event "ODJM A 2017"]
[Site "Willingen GER"]
[Date "2017.06.05"]
[Round "3"]
[White "Ostra, Noah"]
[Black "Täschner, Simon"]
[Result "1/2-1/2"]
[Termination "normal"]
[Board "59"]
[WhiteElo "1647"]
[BlackElo "1806"]
[PlyCount "80"]
[WhiteFideId "16228979"]
[BlackFideId "1270971"]
[EventCountry "GER"]
[EventRounds "9"]
[EventType "swiss"]
[EventDate "2017.06.03"]

1. e4 c5 2. Nf3 Nc6 3. Nc3 g6 4. d4 cxd4 5. Nxd4 Bg7 6. Be3 d6 7. Bc4 Nf6 8. f3
O-O 9. Qd2 Bd7 10. O-O-O Rc8 11. Bb3 Na5 12. g4 Nc4 13. Bxc4 Rxc4 14. h4 h5 15.
gxh5 Nxh5 16. Rdg1 a6 17. Nb3 b5 18. Bh6 b4 19. Bxg7 Kxg7 20. Nd5 Rh8 21. Ne3
Rc8 22. Nf5+ Kf8 23. Ng3 a5 24. Qd4 Rh7 25. Nxh5 Rxh5 26. Rg5 Qc7 27. Qd2 e5
28. Rxh5 gxh5 29. Rg1 a4 30. Na1 Qc5 31. Qh6+ Ke7 32. Rg7 Kd8 33. Qg5+ Kc7 34.
Rxf7 Qf2 35. Qd2 Qxh4 36. Qxb4 Qh1+ 37. Kd2 Qg2+ 38. Kd3 Qf1+ 39. Kd2 Qf2+ 40.
Kd3 Qf1+ 1/2-1/2

[Event "ODJM A 2017"]
[Site "Willingen GER"]
[Date "2017.06.05"]
[Round "3"]
[White "Meijerink, Inken"]
[Black "Niemann, Leon"]
[Result "1-0"]
[Termination "normal"]
[Board "60"]
[WhiteElo "1532"]
[BlackElo "1567"]
[PlyCount "120"]
[WhiteFideId "16225465"]
[BlackFideId "16218388"]
[EventCountry "GER"]
[EventRounds "9"]
[EventType "swiss"]
[EventDate "2017.06.03"]

1. e4 c5 2. b4 d6 3. bxc5 dxc5 4. Nf3 Nc6 5. Nc3 g6 6. Bb2 Bg7 7. Rb1 Nf6 8.
Bc4 O-O 9. O-O Bg4 10. Be2 Bxf3 11. Bxf3 Nd4 12. e5 Nxf3+ 13. Qxf3 Ne8 14. Qxb7
Bxe5 15. Rfe1 Bg7 16. Rxe7 Rb8 17. Qd7 Qa5 18. Qxa7 Qb4 19. Qa3 Nd6 20. Qxb4
Rxb4 21. Ree1 Nc4 22. Ba1 Nxd2 23. Rxb4 cxb4 24. Nd5 Ra8 25. Bxg7 Kxg7 26. Nxb4
Ra4 27. c3 Nc4 28. g3 Ra3 29. Rc1 Ra4 30. f3 Nd6 31. Kf2 Kf6 32. Ke3 Ke5 33.
Kd3 g5 34. Kc2 Nb7 35. Kb3 Nc5+ 36. Kc4 Nd7 37. Rd1 Nf6 38. Kb3 Ra8 39. a4 Ke6
40. c4 Nd7 41. Rd5 h6 42. a5 Ke7 43. a6 Nb8 44. Ra5 Kd7 45. a7 Nc6 46. Nxc6
Kxc6 47. c5 Kb7 48. Kc4 Kc6 49. Ra6+ Kb7 50. Kb5 Kc7 51. c6 f5 52. Kc5 h5 53.
Kd5 f4 54. gxf4 gxf4 55. Ke4 h4 56. Kxf4 h3 57. Kg3 Rg8+ 58. Kxh3 Rh8+ 59. Kg3
Rg8+ 60. Kf2 Ra8 1-0

[Event "ODJM A 2017"]
[Site "Willingen GER"]
[Date "2017.06.05"]
[Round "3"]
[White "Kistner, Sinan"]
[Black "Conte, Adrian"]
[Result "1/2-1/2"]
[Termination "normal"]
[Board "61"]
[WhiteElo "1560"]
[BlackElo "1698"]
[PlyCount "63"]
[WhiteFideId "16219643"]
[BlackFideId "12925993"]
[EventCountry "GER"]
[EventRounds "9"]
[EventType "swiss"]
[EventDate "2017.06.03"]

1. c4 b6 2. Nf3 Bb7 3. d4 e6 4. Nc3 f5 5. Bf4 Nf6 6. Nb5 d6 7. Ng5 Qd7 8. Nxe6
Na6 9. Qa4 c6 10. Nxf8 cxb5 11. Nxd7 bxa4 12. Nxf6+ gxf6 13. a3 Ke7 14. e3 Rhg8
15. Bg3 Rac8 16. Rg1 Nb8 17. Rc1 Nc6 18. Bd3 Na5 19. Bxf5 Rxc4 20. Ke2 h5 21.
Rxc4 Nxc4 22. Rc1 Ba6 23. Bd3 Rc8 24. Bxc4 Rxc4 25. Rxc4 Bxc4+ 26. Kd2 Bf1 27.
Kc3 Bxg2 28. Kb4 Bc6 29. Kc4 d5+ 30. Kc3 Kd7 31. Bh4 f5 32. Bg3 1/2-1/2

[Event "ODJM A 2017"]
[Site "Willingen GER"]
[Date "2017.06.05"]
[Round "3"]
[White "Pahl, Theis"]
[Black "Grunert, Wilhelm"]
[Result "0-1"]
[Termination "normal"]
[Board "62"]
[WhiteElo "1664"]
[BlackElo "1584"]
[PlyCount "74"]
[WhiteFideId "16201264"]
[BlackFideId "12995673"]
[EventCountry "GER"]
[EventRounds "9"]
[EventType "swiss"]
[EventDate "2017.06.03"]

1. e4 c5 2. Nf3 Nc6 3. d4 cxd4 4. Nxd4 g6 5. c4 Bg7 6. Be3 Nf6 7. Nc3 O-O 8.
Be2 d6 9. O-O Bd7 10. f3 Qb6 11. Nf5 Qxb2 12. Na4 Qa3 13. Nxg7 Qxe3+ 14. Kh1
Kxg7 15. Nb2 Qd4 16. Rb1 Qxd1 17. Rfxd1 b6 18. Nd3 Be6 19. Nf4 Rfc8 20. Nd5
Bxd5 21. cxd5 Ne5 22. Rbc1 Rab8 23. a4 Rc5 24. Rxc5 bxc5 25. Bb5 c4 26. Rc1 g5
27. Kg1 Rc8 28. Rc3 Nfd7 29. g3 Nb8 30. f4 a6 31. fxe5 axb5 32. exd6 b4 33. Rc1
exd6 34. Kf2 c3 35. Ke2 b3 36. Kd3 b2 37. Rxc3 b1=Q+ 0-1

[Event "ODJM A 2017"]
[Site "Willingen GER"]
[Date "2017.06.05"]
[Round "3"]
[White "Ebeling, Leander"]
[Black "Lohrmann, Tabea"]
[Result "1/2-1/2"]
[Termination "normal"]
[Board "63"]
[WhiteElo "1630"]
[BlackElo "1729"]
[PlyCount "93"]
[WhiteFideId "16223179"]
[BlackFideId "12911941"]
[EventCountry "GER"]
[EventRounds "9"]
[EventType "swiss"]
[EventDate "2017.06.03"]

1. c4 c5 2. Nf3 Nf6 3. d4 cxd4 4. Nxd4 e6 5. a3 d5 6. Nc3 Nc6 7. cxd5 Nxd5 8.
Ndb5 a6 9. Nxd5 exd5 10. Nd4 Bc5 11. Nxc6 bxc6 12. b4 Bxf2+ 13. Kxf2 Qf6+ 14.
Bf4 Qxf4+ 15. Ke1 O-O 16. Rc1 Bd7 17. g3 Qe4 18. Rg1 Qe3 19. Rg2 Qxa3 20. Qd2
Rfe8 21. Rf2 Qe3 22. Qb2 a5 23. Rc3 Qb6 24. Rf4 g5 25. Rf6 Qd4 26. Rb3 Qxb2 27.
Rxb2 Rab8 28. Rf3 axb4 29. Rfb3 c5 30. Bg2 Be6 31. Kd2 Rb6 32. Re3 c4 33. Kc1
d4 34. Re5 f6 35. Rxe6 Rexe6 36. Bd5 b3 37. Kb1 Kg7 38. Bxc4 Re3 39. Bd3 h5 40.
Rd2 Rb4 41. Kb2 g4 42. Rd1 Kh6 43. Rf1 Re6 44. Rf5 Reb6 45. Ra5 Re6 46. Rf5
Rbb6 47. Rf4 1/2-1/2

[Event "ODJM A 2017"]
[Site "Willingen GER"]
[Date "2017.06.05"]
[Round "3"]
[White "Thumm, Niklas"]
[Black "Ziegenfuß, Larissa"]
[Result "1/2-1/2"]
[Termination "normal"]
[Board "64"]
[WhiteElo "1772"]
[BlackElo "1685"]
[PlyCount "83"]
[WhiteFideId "12918733"]
[BlackFideId "12974722"]
[EventCountry "GER"]
[EventRounds "9"]
[EventType "swiss"]
[EventDate "2017.06.03"]

1. Nc3 e5 2. Nf3 Nc6 3. d4 exd4 4. Nxd4 Bc5 5. e3 Nf6 6. Bc4 O-O 7. O-O d5 8.
Bb3 Be6 9. Nxe6 fxe6 10. e4 Nd4 11. Bg5 h6 12. Bh4 g5 13. Bg3 Nxb3 14. axb3
dxe4 15. Qe2 e3 16. Nd1 Ne4 17. Nxe3 Nxg3 18. hxg3 Bxe3 19. Qxe3 Qf6 20. Rxa7
Rxa7 21. Qxa7 Qxb2 22. Qe3 e5 23. Qe4 Kg7 24. Re1 Qd4 25. Qxe5+ Qxe5 26. Rxe5
Kf6 27. f4 Rd8 28. Rc5 c6 29. g4 Rd4 30. g3 Kg6 31. c3 Re4 32. fxg5 hxg5 33.
Kf2 Re6 34. Rc4 Kf6 35. Kf3 Re5 36. Rb4 b5 37. c4 Ke6 38. cxb5 cxb5 39. Re4 Kd5
40. Rxe5+ Kxe5 41. Ke3 b4 42. Kd3 1/2-1/2

[Event "ODJM A 2017"]
[Site "Willingen GER"]
[Date "2017.06.05"]
[Round "3"]
[White "Rudolph, Eva"]
[Black "Klugstedt, Vincent"]
[Result "1-0"]
[Termination "normal"]
[Board "65"]
[WhiteElo "1679"]
[BlackElo "1636"]
[PlyCount "97"]
[WhiteFideId "16200594"]
[BlackFideId "16216393"]
[EventCountry "GER"]
[EventRounds "9"]
[EventType "swiss"]
[EventDate "2017.06.03"]

1. e4 c5 2. Nf3 Nc6 3. d4 cxd4 4. Nxd4 g6 5. c4 Nf6 6. Nc3 d6 7. Be2 Nxd4 8.
Qxd4 Bg7 9. Be3 O-O 10. Qd2 Be6 11. Rc1 a6 12. b3 Rc8 13. O-O Qa5 14. f3 Rc6
15. Nd5 Qd8 16. Rfd1 Nd7 17. Bf1 Nc5 18. b4 Nd7 19. Qf2 Bxd5 20. cxd5 Rc7 21.
Bg5 Re8 22. Kh1 b5 23. Rxc7 Qxc7 24. Rc1 Qb7 25. Qc2 h6 26. Bh4 g5 27. Be1 Ne5
28. Be2 Qb6 29. Qd2 Qa7 30. h4 Bf6 31. hxg5 hxg5 32. Bf1 Kg7 33. Bf2 Qd7 34.
Be3 Rh8+ 35. Kg1 Kg6 36. Qf2 Qe8 37. Qg3 Kh6 38. f4 gxf4 39. Bxf4+ Kh7 40. Rc3
Ng6 41. Re3 Bd4 42. Bd3 Bxe3+ 43. Bxe3 Qc8 44. e5 dxe5 45. Qxe5 Qg4 46. Bd4
Qd1+ 47. Kf2 Qd2+ 48. Kg1 Qxd3 49. Qg7# 1-0

[Event "ODJM A 2017"]
[Site "Willingen GER"]
[Date "2017.06.05"]
[Round "3"]
[White "May, Ben-Iven"]
[Black "Schneider, Edward"]
[Result "1/2-1/2"]
[Termination "normal"]
[Board "66"]
[WhiteElo "1861"]
[BlackElo "1675"]
[PlyCount "69"]
[WhiteFideId "16229673"]
[BlackFideId "16200870"]
[EventCountry "GER"]
[EventRounds "9"]
[EventType "swiss"]
[EventDate "2017.06.03"]

1. e4 e5 2. Nf3 Nc6 3. Bc4 Bc5 4. c3 Nf6 5. d3 d6 6. Bb3 a6 7. Nbd2 O-O 8. Nf1
Re8 9. Ng3 d5 10. O-O h6 11. Be3 Bxe3 12. fxe3 dxe4 13. dxe4 Qxd1 14. Raxd1 Na5
15. Nh4 Nxb3 16. axb3 Be6 17. b4 Rad8 18. Nhf5 Bxf5 19. exf5 Nd5 20. Rfe1 Nb6
21. Ne4 Nc4 22. Rxd8 Rxd8 23. Re2 b6 24. Kf2 Nd6 25. Nxd6 Rxd6 26. Kf3 f6 27.
h4 Kf7 28. g4 Rd1 29. Kg3 g6 30. Kg2 Rd3 31. Kf3 g5 32. Rh2 gxh4 33. Rxh4 Kg7
34. Rh2 Rd1 35. Kg3 1/2-1/2

[Event "ODJM A 2017"]
[Site "Willingen GER"]
[Date "2017.06.05"]
[Round "3"]
[White "Hetzner, Hannes"]
[Black "Lilienthal, Niels Bennett"]
[Result "1-0"]
[Termination "normal"]
[Board "67"]
[WhiteElo "1602"]
[BlackElo "1567"]
[PlyCount "65"]
[WhiteFideId "16211936"]
[BlackFideId "16205421"]
[EventCountry "GER"]
[EventRounds "9"]
[EventType "swiss"]
[EventDate "2017.06.03"]

1. e4 g6 2. d4 Bg7 3. Nc3 d6 4. f4 h5 5. h3 Nd7 6. Nf3 Nh6 7. Be3 a6 8. Qd2 Nb6
9. d5 c6 10. O-O-O cxd5 11. Nxd5 Nxd5 12. Qxd5 Qc7 13. Ng5 Bd7 14. Bc4 Bc6 15.
Qd3 Rc8 16. Qb3 e6 17. Rd2 b5 18. Bxe6 fxe6 19. Nxe6 Qe7 20. Nxg7+ Qxg7 21.
Qe6+ Kd8 22. Rxd6+ Bd7 23. Rhd1 Rh7 24. Bb6+ Rc7 25. Rxd7+ Qxd7 26. Rxd7+ Rhxd7
27. Bxc7+ Kxc7 28. Qxg6 Nf7 29. Qxa6 Nd6 30. e5 Ne4 31. Qxb5 Nf2 32. Qc5+ Kd8
33. Qxf2 1-0

[Event "ODJM A 2017"]
[Site "Willingen GER"]
[Date "2017.06.05"]
[Round "3"]
[White "Askri, Samir"]
[Black "Seinsoth, Paul"]
[Result "1-0"]
[Termination "normal"]
[Board "68"]
[WhiteElo "1796"]
[BlackElo "1455"]
[PlyCount "79"]
[WhiteFideId "12924938"]
[BlackFideId "12994634"]
[EventCountry "GER"]
[EventRounds "9"]
[EventType "swiss"]
[EventDate "2017.06.03"]

1. d4 Nf6 2. Nf3 e6 3. c4 Bb4+ 4. Bd2 Qe7 5. a3 Bxd2+ 6. Nbxd2 b6 7. g3 Bb7 8.
Bg2 d6 9. O-O Nbd7 10. Qc2 O-O 11. e4 e5 12. Rfe1 Rac8 13. Rac1 Rfd8 14. d5 c6
15. Qa4 a5 16. b4 cxd5 17. cxd5 axb4 18. axb4 Ra8 19. Qb3 Rdc8 20. Rxc8+ Rxc8
21. Nc4 Ba6 22. Nfd2 Ne8 23. Bh3 Nef6 24. f3 Kf8 25. Ra1 Ra8 26. Qe3 Bb7 27.
Rxa8+ Bxa8 28. Nxb6 Nxb6 29. Qxb6 Ne8 30. Nc4 Qg5 31. Qe3 Qe7 32. Nb6 Bb7 33.
Nd7+ Kg8 34. Nb6 Ba6 35. Bd7 Qd8 36. b5 Bb7 37. Bc6 Qe7 38. Nc4 Bc8 39. Bxe8
Qxe8 40. Nxd6 1-0

[Event "ODJM A 2017"]
[Site "Willingen GER"]
[Date "2017.06.05"]
[Round "3"]
[White "Wagner, Swenja"]
[Black "Grozea, Filip"]
[Result "1-0"]
[Termination "normal"]
[Board "69"]
[WhiteElo "1779"]
[BlackElo "1582"]
[PlyCount "47"]
[WhiteFideId "12900494"]
[BlackFideId "12958450"]
[EventCountry "GER"]
[EventRounds "9"]
[EventType "swiss"]
[EventDate "2017.06.03"]

1. e4 c6 2. d4 d5 3. e5 Bf5 4. Nf3 e6 5. Be2 c5 6. O-O Nc6 7. Be3 Nge7 8. Nc3
cxd4 9. Bxd4 a6 10. a3 Nxd4 11. Nxd4 Bg6 12. Kh1 Nc6 13. f4 Nxd4 14. Qxd4 Bxc2
15. b4 Be7 16. Rac1 Bg6 17. g4 f6 18. f5 Bf7 19. fxe6 Bxe6 20. Bf3 O-O 21. Bxd5
Bxd5+ 22. Qxd5+ Qxd5+ 23. Nxd5 Bd8 24. e6 1-0

[Event "ODJM A 2017"]
[Site "Willingen GER"]
[Date "2017.06.05"]
[Round "3"]
[White "Jenner, Meikel"]
[Black "Straßburg, Robin"]
[Result "0-1"]
[Termination "normal"]
[Board "71"]
[WhiteElo "1464"]
[BlackElo "1673"]
[PlyCount "38"]
[WhiteFideId "16245342"]
[BlackFideId "16210018"]
[EventCountry "GER"]
[EventRounds "9"]
[EventType "swiss"]
[EventDate "2017.06.03"]

1. e4 c5 2. d4 cxd4 3. c3 dxc3 4. Nxc3 Nc6 5. Nf3 e6 6. Bb5 Qc7 7. O-O Nf6 8.
Bg5 Be7 9. Rc1 d6 10. Nd5 exd5 11. exd5 Qa5 12. Qe2 a6 13. Bxf6 gxf6 14. Rfe1
Qxb5 15. dxc6 Qxe2 16. Rxe2 bxc6 17. Rxc6 Be6 18. Nd4 Kd7 19. Rb6 Rhb8 0-1

[Event "ODJM A 2017"]
[Site "Willingen GER"]
[Date "2017.06.05"]
[Round "3"]
[White "Kolb, Tobias"]
[Black "von Freymann, Franz"]
[Result "0-1"]
[Termination "normal"]
[Board "72"]
[WhiteElo "1656"]
[BlackElo "1643"]
[PlyCount "140"]
[WhiteFideId "12992321"]
[BlackFideId "12994014"]
[EventCountry "GER"]
[EventRounds "9"]
[EventType "swiss"]
[EventDate "2017.06.03"]

1. e4 c5 2. Nc3 Nc6 3. g3 d6 4. Bg2 Nf6 5. d3 g6 6. Nge2 Bg7 7. O-O O-O 8. h3
Rb8 9. Be3 b5 10. Qd2 b4 11. Nd1 Re8 12. Bh6 a5 13. Bxg7 Kxg7 14. f4 Bd7 15. g4
Qc8 16. Ne3 Rh8 17. g5 Ne8 18. f5 h6 19. gxh6+ Rxh6 20. Ng4 Rh7 21. Ng3 Nf6 22.
Qg5 Qd8 23. fxg6 fxg6 24. Nf5+ Kh8 25. Qxg6 Nxg4 26. Qxg4 Qg8 27. Qxg8+ Rxg8
28. Kh2 Ne5 29. Rae1 a4 30. b3 a3 31. Rd1 Bxf5 32. exf5 Ng4+ 33. Kh1 Ne3 34.
Rg1 Nxd1 35. Rxd1 Rg5 36. Rf1 Rf7 37. Be4 Rf6 38. Kh2 Kg7 39. h4 Rh5 40. Kh3 e6
41. Rg1+ Kf7 42. Rg5 Rh8 43. Kg4 exf5+ 44. Bxf5 Rg8 45. Kf4 Rh6 46. h5 Rxg5 47.
Kxg5 Kg7 48. Bg6 Rh8 49. Be4 Rf8 50. h6+ Kh8 51. Bf5 Re8 52. Be4 d5 53. Kf4
dxe4 54. dxe4 Kh7 55. e5 Kxh6 56. Ke4 Rd8 57. e6 Kg6 58. e7 Re8 59. Kd5 Rxe7
60. Kxc5 Re4 61. Kd5 Rh4 62. Kc5 Kf6 63. Kd5 Kf5 64. Kc5 Ke5 65. Kb5 Kd5 66.
Ka4 Kc5 67. c3 bxc3+ 68. Kxa3 Rh8 69. b4+ Kc4 70. b5 Ra8# 0-1

[Event "ODJM A 2017"]
[Site "Willingen GER"]
[Date "2017.06.05"]
[Round "3"]
[White "Loßin, Charlotte"]
[Black "Zha, Kevin"]
[Result "0-1"]
[Termination "normal"]
[Board "73"]
[WhiteElo "1524"]
[BlackElo "1591"]
[PlyCount "78"]
[WhiteFideId "16218345"]
[BlackFideId "16208951"]
[EventCountry "GER"]
[EventRounds "9"]
[EventType "swiss"]
[EventDate "2017.06.03"]

1. d4 g6 2. c4 Nf6 3. Nc3 Bg7 4. e4 d6 5. h3 O-O 6. Bd3 c5 7. d5 e6 8. Nge2
exd5 9. cxd5 Nbd7 10. Be3 a6 11. a4 Re8 12. f4 Qc7 13. g4 c4 14. Bc2 Nc5 15.
Ng3 b6 16. g5 Nfd7 17. h4 Bb7 18. h5 b5 19. Ke2 b4 20. h6 Bh8 21. Bd4 f6 22. f5
bxc3 23. fxg6 hxg6 24. h7+ Kf7 25. gxf6 Nxf6 26. Qf1 Bxd5 27. Bxf6 Bxf6 28.
h8=Q Rxh8 29. exd5 Rae8+ 30. Kd1 cxb2 31. Ra3 Nd7 32. Rxh8 Rxh8 33. Rc3 Qb7 34.
Kd2 Qxd5+ 35. Ke1 Qe5+ 36. Ne2 Qd5 37. Ng3 Re8+ 38. Ne2 Ne5 39. Rh3 Kg7 0-1

[Event "ODJM A 2017"]
[Site "Willingen GER"]
[Date "2017.06.05"]
[Round "3"]
[White "Todua, Anastasia"]
[Black "Meyer, Nico"]
[Result "1/2-1/2"]
[Termination "normal"]
[Board "74"]
[WhiteElo "1588"]
[BlackElo "1552"]
[PlyCount "64"]
[WhiteFideId "24174335"]
[BlackFideId "12975257"]
[EventCountry "GER"]
[EventRounds "9"]
[EventType "swiss"]
[EventDate "2017.06.03"]

1. e4 c5 2. Nf3 d6 3. d4 cxd4 4. Nxd4 Nf6 5. Nc3 g6 6. Bc4 Bg7 7. O-O Nc6 8.
Be3 Bd7 9. Qd2 Rc8 10. Bb3 O-O 11. Rad1 Ne5 12. Bh6 Nc4 13. Bxc4 Rxc4 14. Bxg7
Kxg7 15. Rfe1 Qb6 16. Nb3 Bg4 17. Rc1 Rd8 18. Kh1 a5 19. Nd5 Nxd5 20. Qxd5 Ra4
21. a3 Be6 22. Qd2 Kg8 23. Re3 d5 24. exd5 Rxd5 25. Qe2 Rb5 26. Rd1 Bc4 27. Qe1
e6 28. Qc3 Rd5 29. Rxd5 Bxd5 30. Qc8+ Kg7 31. Qc3+ Kg8 32. Qc8+ Kg7 1/2-1/2

[Event "ODJM A 2017"]
[Site "Willingen GER"]
[Date "2017.06.05"]
[Round "3"]
[White "Leser, Stefan"]
[Black "Silini, Jalel"]
[Result "1-0"]
[Termination "normal"]
[Board "75"]
[WhiteElo "1817"]
[BlackElo "1581"]
[PlyCount "119"]
[WhiteFideId "12997706"]
[BlackFideId "16215397"]
[EventCountry "GER"]
[EventRounds "9"]
[EventType "swiss"]
[EventDate "2017.06.03"]

1. e4 e5 2. Nf3 Nc6 3. Bb5 a6 4. Ba4 b5 5. Bb3 Bc5 6. O-O d6 7. c3 Nf6 8. d4
Bb6 9. Be3 Bg4 10. Kh1 O-O 11. h3 Bxf3 12. gxf3 Nh5 13. Rg1 Qh4 14. Qf1 Qf6 15.
Qe2 exd4 16. Bg5 Qe5 17. f4 Nxf4 18. Bxf4 Qxf4 19. Bd5 Ne5 20. Bxa8 d3 21. Qd2
Qf3+ 22. Kh2 Bxf2 23. Rg2 Be3 24. Qe1 Qf4+ 25. Qg3 Qh6 26. Kh1 Rxa8 27. h4 d2
28. Na3 Nd3 29. Nc2 Bf4 30. Qxd3 Qxh4+ 31. Kg1 Qh5 32. Rf1 Re8 33. Qd4 Be5 34.
Qxd2 Re6 35. Qg5 Qxg5 36. Rxg5 h6 37. Rg2 c6 38. Rgf2 Bf6 39. Nd4 Bxd4 40. cxd4
f6 41. Re1 d5 42. e5 fxe5 43. Rxe5 Rg6+ 44. Kh2 a5 45. Re8+ Kh7 46. Kh3 a4 47.
Rfe2 Rf6 48. R8e6 Rf3+ 49. Kg4 Rd3 50. Rxc6 Rxd4+ 51. Kf5 b4 52. Rc7 Rd1 53.
Rg2 Kg8 54. Rgxg7+ Kf8 55. Rh7 Rf1+ 56. Ke6 Kg8 57. Rhd7 Rf8 58. Rg7+ Kh8 59.
Rh7+ Kg8 60. Rcg7# 1-0

[Event "ODJM A 2017"]
[Site "Willingen GER"]
[Date "2017.06.05"]
[Round "3"]
[White "Stockter, Jasper Enno"]
[Black "Franz, Franz Theodor"]
[Result "1-0"]
[Termination "normal"]
[Board "77"]
[WhiteElo "1559"]
[BlackElo "1341"]
[PlyCount "119"]
[WhiteFideId "12957291"]
[BlackFideId "12992674"]
[EventCountry "GER"]
[EventRounds "9"]
[EventType "swiss"]
[EventDate "2017.06.03"]

1. e4 e5 2. Nf3 Nc6 3. d4 exd4 4. Nxd4 Nf6 5. Nc3 Bb4 6. Nxc6 bxc6 7. Bd3 d5 8.
exd5 cxd5 9. O-O O-O 10. Bg5 c6 11. Qf3 Be7 12. Rfe1 Be6 13. h3 Rb8 14. Ne2 h6
15. Bf4 Rxb2 16. Nd4 c5 17. Nxe6 fxe6 18. Rxe6 Rb6 19. Rae1 Bd6 20. Bxd6 Rxd6
21. Qe3 Qb6 22. Rxd6 Qxd6 23. Qe6+ Qxe6 24. Rxe6 Rf7 25. Bg6 Rc7 26. f4 Kf8 27.
f5 Rb7 28. Rc6 c4 29. a4 Rb2 30. Rc8+ Ke7 31. Rc7+ Kf8 32. Rf7+ Kg8 33. Rxa7
Kf8 34. Rf7+ Kg8 35. Rc7 Kf8 36. Rf7+ Kg8 37. Rc7 Kf8 38. a5 Ra2 39. Rf7+ Kg8
40. Ra7 Kf8 41. a6 Ne4 42. Rf7+ Ke8 43. a7 Nd6 44. Rb7+ Kd8 45. Rb8+ Kc7 46.
a8=Q Rxa8 47. Rxa8 d4 48. Ra7+ Kb6 49. Rxg7 d3 50. f6 d2 51. Bh5 Kc5 52. f7
Nxf7 53. Rxf7 Kd4 54. Bd1 Kc3 55. Rd7 h5 56. h4 Kb2 57. Rxd2 c3 58. Rd3 Kc1 59.
Rxc3 Kd2 60. Rd3+ 1-0